000 00290nam a22001337a 4500
008 190204b xxu||||| |||| 00| 0 eng d
020 _a9781605472522
041 _aeng
080 _a541
100 _a12
101 _aKIM
245 _aFluids & Electrolytes
_cKluwer, W
942 _2udc
_cBK
999 _c53931
_d53931